MARC details
| 000 -LEADER |
| fixed length control field |
01469cam a2200361 i 4500 |
| 001 - CONTROL NUMBER |
| control field |
200441696 |
| 003 - CONTROL NUMBER IDENTIFIER |
| control field |
TR-AnTOB |
| 005 - DATE AND TIME OF LATEST TRANSACTION |
| control field |
20260106144358.0 |
| 007 - PHYSICAL DESCRIPTION FIXED FIELD--GENERAL INFORMATION |
| fixed length control field |
ta |
| 008 - FIXED-LENGTH DATA ELEMENTS--GENERAL INFORMATION |
| fixed length control field |
800117s1979 xx 000 0 eng d |
| 020 ## - INTERNATIONAL STANDARD BOOK NUMBER |
| International Standard Book Number |
9221021513 |
| 040 ## - CATALOGING SOURCE |
| Original cataloging agency |
GSU |
| Transcribing agency |
GSU |
| Modifying agency |
TR-AnTOB |
| -- |
UtOrBLW |
| Language of cataloging |
eng |
| Description conventions |
rda |
| 041 0# - LANGUAGE CODE |
| Language code of text/sound track or separate title |
İngilizce |
| 043 ## - GEOGRAPHIC AREA CODE |
| Geographic area code |
e------ |
| 050 ## - LIBRARY OF CONGRESS CALL NUMBER |
| Item number |
H |
| 099 ## - LOCAL FREE-TEXT CALL NUMBER (OCLC) |
| Classification number |
331.1444 INT 1979 |
| 110 2# - MAIN ENTRY--CORPORATE NAME |
| Corporate name or jurisdiction name as entry element |
International Labour Office. |
| Authority record control number or standard number |
http://id.loc.gov/authorities/names/n79086351. |
| 9 (RLIN) |
27101 |
| 245 10 - TITLE STATEMENT |
| Title |
Growth, structural change, and manpower policy : |
| Remainder of title |
the challenge of the 1980s : first item on the agenda / |
| Statement of responsibility, etc. |
International Labour Office. |
| 264 #1 - PRODUCTION, PUBLICATION, DISTRIBUTION, MANUFACTURE, AND COPYRIGHT NOTICE |
| Place of production, publication, distribution, manufacture |
Geneva : |
| Name of producer, publisher, distributor, manufacturer |
International Labour Office, |
| Date of production, publication, distribution, manufacture, or copyright notice |
1979. |
| 300 ## - PHYSICAL DESCRIPTION |
| Extent |
iv, 139 pages ; |
| Dimensions |
24 cm |
| 336 ## - CONTENT TYPE |
| Content type term |
text |
| Content type code |
txt |
| Source |
rdacontent. |
| 337 ## - MEDIA TYPE |
| Media type term |
unmediated |
| Media type code |
n |
| Source |
rdamedia. |
| 338 ## - CARRIER TYPE |
| Carrier type term |
volume |
| Carrier type code |
nc |
| Source |
rdacarrier. |
| 500 ## - GENERAL NOTE |
| General note |
At head of title: Third European Regional Conference, Geneva, October 1979. |
|
| General note |
"Report I, Report of the Director-General." |
| 504 ## - BIBLIOGRAPHY, ETC. NOTE |
| Bibliography, etc. note |
|
| 583 1# - ACTION NOTE |
| Materials specified |
copy1 |
| Action |
Committed to retain |
| Time/date of action |
20200101 |
| Action interval |
20341231 |
| Authorization |
MI-SPI |
| Uniform Resource Identifier |
<a href="http://www.mcls.org/engagement/mi-spi/">http://www.mcls.org/engagement/mi-spi/</a> |
| Institution to which field applies |
MiEM. |
| 650 #0 - SUBJECT ADDED ENTRY--TOPICAL TERM |
| Topical term or geographic name entry element |
Labor supply |
| Geographic subdivision |
Europe |
| Authority record control number or standard number |
http://id.loc.gov/authorities/subjects/sh2008106481 |
| 9 (RLIN) |
111664 |
|
| Topical term or geographic name entry element |
Manpower policy |
| Geographic subdivision |
Europe |
| Authority record control number or standard number |
http://id.loc.gov/authorities/subjects/sh2008107318 |
| 9 (RLIN) |
23809 |
|
| Topical term or geographic name entry element |
Unemployment |
| Geographic subdivision |
Europe |
| 9 (RLIN) |
27284 |
| 942 ## - ADDED ENTRY ELEMENTS (KOHA) |
| Source of classification or shelving scheme |
Library of Congress Classification |
| Koha item type |
Book |